000 00422ntaaa2200181 4500
003 01
005 20251027202057.0
008 0714s1973 ag 01
040 _aAR-BaBN
_bspa
_cAR-BaBN
_eaacr
_dRIC
082 _a252.0000 M77
100 _aMoody, D.L.
_96029
245 _aDios es amor
250 _a1 ed.
260 _aChicago :
_bMoody Press,
_cn.f.
300 _a31 p folleto
650 _asermones
_9362
942 _cBK
999 _c15638
_d15638